| 000 | 00883nam a2200265 a 4500 | ||
|---|---|---|---|
| 001 | 000008173 | ||
| 003 | DO-SdBNP | ||
| 005 | 20220627111211.0 | ||
| 007 | ta | ||
| 008 | 090915s200u dr a 001 0 spa d | ||
| 040 |
_aDO-SdBNP _bspa _cBNPHU |
||
| 082 | 4 |
_a641.5951 _bM499c _222 |
|
| 100 | 1 |
_aMei, Lily, _d1974- _922179 |
|
| 245 | 1 | 4 |
_aLas 50 recetas chinas más deliciosas del mundo: _bcocina original china / _cLily Mei.; Prólogo, Jhon Feng. |
| 246 | 1 | 0 |
_aLas cincuenta recetas chinas más deliciosas del mundo : _bcocina original china |
| 260 |
_aSanto Domingo : _bEmotions, _c200? |
||
| 300 |
_a72 p. : _bil. ; _c22 cm. |
||
| 500 | _aIncluye biografía de la autora (p. 5) | ||
| 590 | _aInventariado 2022 / MF | ||
| 650 | 4 |
_aCocina china _922180 |
|
| 650 | 4 |
_aPreparación de alimentos _9193 |
|
| 700 | 1 |
_aFeng, Jhon. _epról. _981920 |
|
| 910 | _aMFeliz | ||
| 942 |
_2ddc _cLBS1 |
||
| 999 |
_c7949 _d7949 |
||